| 000 | 00902 a2200181 4500 | ||
|---|---|---|---|
| 003 | Nust | ||
| 005 | 20230131105728.0 | ||
| 022 | _a0715381237 | ||
| 040 | _cNust | ||
| 082 | _a799.312,CHU | ||
| 100 |
_aChurchill, Bob, _945827 |
||
| 245 |
_aModern Air weapon shooting/ _cBob Churchill & Granville Davies |
||
| 260 |
_aLondon _bDavud & Charles _c1981 |
||
| 300 | _a196 p | ||
| 505 | _aPart.1: by Granville Davies ,A Introduction to Air weapon Shooting (Page-9), Air weapons (Page-25), Ammunition and Accessories (Page-48), The Sport of Target Shooting (Page-73), Part.2: An Introduction to Target Shooting (Page-97), Target Rifle Shooting (page-100), Target Pistol Shooting (Page-136), Running Boar Target Shooting (Page-148), Physical and Metal Training (Page-155), Training programmers (Page-170), Competitions (Page-178). | ||
| 650 |
_aAir guns Shooting _974854 |
||
| 942 |
_2ddc _cBK _k799.312,CHU |
||
| 999 |
_c190874 _d190874 |
||